=LDR 00000nam 2200000 4500 =001 INLIS000000000027609 =005 20200805080802 =035 ##$$a 0010-061300000027609 =008 200805################g##########0#ind## =082 ##$$a 297.57 =090 ##$$a 2x7.2, Alj k =100 ##$$a Khalid bin Abdul Aziz Al- Jubair =245 1#$$a Kesaksian seorang dokter : $b Mensucikan hati melalui kisah-kisah nyata /$c Khalid bin Abdul Aziz Al-Jubair; Penerjemah:Muhammad Isnani =650 #4$$a Agama Islam - Kedokteran =850 ##$$a NBPNMAT =020 ##$$a 979-3772-18-2 =084 ##$$a 297.57 KHA k =260 ##$$a Jakarta :$b Darus Sunnah,$c 2010 =300 ##$$a 176 hlm : $b ilus ; $c 20 x 14 cm =990 ##$$a 20704338 =990 ##$$a 20704339 =990 ##$$a 00088125 =990 ##$$a 20704336